General Knowledge Quiz #56 - Statistics

General Stats
  • This quiz has been taken 167,181 times
    113,524 since last reset
  • The average score is 11 of 20
Answer Stats
Question Answer % Correct
What country is Siberia a part of? Russia
95%
What traditional Chinese medical procedure involves sticking small needles into the body? Acupuncture
90%
What phone game, released in 2009, has you destroy pigs with a slingshot? Angry Birds
85%
What is a group of lions called? A pride
79%
What prison did Sirius Black escape from? Azkaban
76%
What sport has a position called "shortstop"? Baseball
76%
What voice range is lower than baritone? Bass
61%
In everyday English, what is your patella? Kneecap
56%
According to Greek mythology, who is the god of war? Ares
55%
What animals were thought to be peaceful vegetarians until Jane Goodall observed them hunting monkeys and engaging in violent warfare? Chimpanzees
51%
What popular variety of orange is named after a city in Spain? Valencia / Seville
49%
What comic book character was portrayed by bodybuilder Lou Ferrigno? The Incredible Hulk
42%
Who would do anything for love (but not that)? Meat Loaf
40%
What popular food is clearly of French origin according to Belgian food historian Pierre Leclercq? French fries
37%
What Olympic event is sometimes called "horse ballet"? Dressage
34%
What hobby uses the terms "purl" and "casting on"? Knitting
34%
What phylum of animals includes squids, snails, and clams? Molluscs
31%
What did the Montgolfier brothers invent in 1782? Hot air balloon
26%
What is the largest country in the world that doesn't have any rivers? Saudi Arabia
25%
What city was built based on the 1791 plans of Pierre Charles L'Enfant? Washington D.C.
16%
No matching quizzes found
Score Distribution
Percent of People with Each Score
Percentile by Number Answered
Your Score History
You have not taken this quiz since the last reset